Which?

Gespeichert in:
Bibliographische Detailangaben
Format: Schriftenreihe
Sprache:Englisch
Veröffentlicht: London Consumers' Association 1993
Schlagworte:
Tags: Tag hinzufügen
Keine Tags, Fügen Sie das erste Tag hinzu!

MARC

LEADER 00000nas2a2200000 4500
001 s014070
005 20240109095717.5
041 0 |a eng 
044 |a GB 
245 1 0 |a Which? 
264 1 |a London  |b Consumers' Association  |c 1993 
300 |a 2 zv. 
773 0 |w eu_un_cat*s120926 
610 2 0 |a tovaroznalectvo 
610 2 0 |a ponuka 
610 2 0 |a testovanie výrobkov